Obras completas / (Registro nro. 43073)

Detalles MARC
000 -LEADER
campo de control de longitud fija 01004nam a2200277 i 4500
001 - NÚMERO DE CONTROL
campo de control 43073
003 - IDENTIFICADOR DE NÚMERO DE CONTROL
campo de control ES-MaACL
005 - FECHA Y HORA DE LA ÚLTIMA TRANSACCIÓN
campo de control 20250916063035.0
007 - CAMPO FIJO DE DESCRIPCIÓN FÍSICA--INFORMACIÓN GENERAL
campo de control de longitud fija t|
008 - DATOS DE LONGITUD FIJA--INFORMACIÓN GENERAL
campo de control de longitud fija 030314s1956 sp ||||1| spa d
040 ## - FUENTE DE CATALOGACIÓN
Centro/agencia transcriptor ES-MaACL
100 1# - ENTRADA PRINCIPAL--NOMBRE DE PERSONA
Nombre de persona Castro, Rosalía de,
Fechas asociadas al nombre 1837-1885
9 (RLIN) 147676
Término indicativo de función/relación Autor
245 10 - MENCIÓN DEL TÍTULO
Título Obras completas /
Mención de responsabilidad, etc. Rosalía de Castro ; recopilación y estudio bibliográfico o El dolor de vivir / por V. García Martí.
250 ## - MENCION DE EDICION
Mención de edición Cuarta edición
260 ## - PUBLICACIÓN, DISTRIBUCIÓN, ETC.
Lugar de publicación, distribución, etc. Madrid :
Nombre del editor, distribuidor, etc. Aguilar,
Fecha de publicación, distribución, etc. 1958 (
Fabricante I.G.A.S.A.)
300 ## - DESCRIPCIÓN FÍSICA
Extensión 1590 páginas :
Otras características físicas 2 retratos de la autora ;
Dimensiones 14 cm.
490 1# - MENCIÓN DE SERIE
Mención de serie Colección Joya
600 14 - PUNTO DE ACCESO ADICIONAL DE MATERIA--NOMBRE DE PERSONA
9 (RLIN) 147676
Nombre de persona Castro, Rosalía de,
Fechas asociadas al nombre 1837-1885
700 1# - ENTRADA AGREGADA--NOMBRE PERSONAL
Nombre de persona García Martí, Victoriano,
Fechas asociadas al nombre 1881-1966
9 (RLIN) 54896
Término indicativo de función/relación Editor literario
740 3# - ENTRADA AGREGADA--TÍTULO RELACIONADO/ANALÍTICO NO CONTROLADO
Título relacionado o analítico no controlado El dolor de vivir.
830 0# - PUNTO DE ACCESO ADICIONAL DE SERIE-TÍTULO UNIFORME
Título uniforme Colección Joya
9 (RLIN) 181436
852 ## - LOCALIZACIÓN
Ubicación ES-MaACL
Número de control de estantería C-8078
Sublocalización o colección R.42204
itemnumber 44670
Ubicación en estantería Sala Palomar
942 ## - ELEMENTOS DE ENTRADA SECUNDARIOS (KOHA)
Tipo de ítem Koha Libro impreso
Suprimir en OPAC No
Existencias
Estatus retirado Estado de pérdida Estado de daño No para préstamo Biblioteca de origen Biblioteca actual Ubicación en estantería Fecha de adquisición Fuente de adquisición Total de préstamos Signatura topográfica completa Código de barras Visto por última vez Precio de reemplazo Tipo de ítem Koha
        Biblioteca del Ateneo de Madrid Biblioteca del Ateneo de Madrid Sala Palomar 17/01/2008     C-8078 1045337 23/02/2023 23/02/2023 Libro impreso